Statistics for Demon Slayer Characters in Alphabetical Order

Click here to take the quiz!

General Stats

  • This quiz has been taken 1,111 times
  • The average score is 30 of 75

Answer Stats

HintStatusAnswer% Correct
SlayerAliveTanjiro Kamado
89%
DemonAliveNezuko Kamado
85%
DemonAliveMuzan Kibutsuji
81%
SlayerAliveZenitsu Agatsuma
81%
SlayerAliveInosuke Hashibara
79%
SlayerAliveShinobu Kocho
79%
DemonAliveAkaza
78%
SlayerAliveGiyu Tomioka
74%
SlayerAliveKanao Tsuyuri
70%
SlayerAliveMitsuri Kanroji
68%
SlayerAliveTengen Uzui
67%
SlayerAliveObanai Iguro
63%
DemonAliveRui
63%
SlayerAliveSanemi Shinazugawa
63%
Butterfly MansionAliveAoi Kanzaki
62%
SlayerAliveMuichiro Tokito
62%
SlayerAliveKyojuro Rengoku
61%
SlayerAliveGyomei Himejima
59%
DemonAliveDoma
58%
DemonAliveDaki
57%
SlayerDeceasedKanae Kocho
57%
Former SlayerAliveSakonji Urokodaki
53%
DemonAliveEnmu
52%
SlayerAliveGenya Shinazugawa
52%
DemonAliveKokushibo Tsugikuni
52%
DemonAliveGyutaro
48%
Former SlayerDeceasedYorichi Tsugikuni
48%
DemonAliveTamayo
44%
Kamado Family/AncestryDeceasedTanjuro Kamado
44%
DemonAliveGyokko
43%
Former SwordsmanDeceasedSabito
43%
Ubayashiki FamilyAliveKagaya Ubayashiki
42%
Rengoku FamilyAliveSenjuro Rengoku
41%
DemonAliveHantengu
40%
DemonAliveYushiro
37%
Former SwordsmanDeceasedMakomo
36%
SlayerAliveMurata
36%
Swordsmith VillageAliveHotaru Haganezuka
34%
Kamado Family/AncestryAliveKie Kamado
32%
Rengoku FamilyAliveShinjuro Rengoku
32%
Kamado family/ancestryAliveHanako Kamado
31%
DemonAliveKaigaku
31%
Tokito FamilyDeceasedYuichiro Tokito
31%
Ubayashiki FamilyAliveAmane Ubuyashiki
30%
Kamado Family/AncestryAliveRokuta Kamado
30%
KunoichiAliveSuma
30%
DemonAliveKyogai
29%
KunoichiAliveMakio
29%
Butterfly MansionAliveSumi
28%
DemonAliveSusamaru
28%
Former SlayerAliveJigoro Kuwajima
27%
KunoichiAliveHinatsuru
26%
Butterfly MansionAliveNaho
26%
Kamado Family/AncestryAliveTakeo Kamado
26%
DemonAliveYahaba
26%
Butterfly MansionAliveKiyo
24%
Kamado Family/AncestryAliveShigeru Kamado
24%
Rengoku FamilyDeceasedRuka Rengoku
23%
Ubayashiki FamilyAliveKiriya Ubuyashiki
21%
KakushiAliveGoto
20%
Swordsmith VillageAliveKotetsu
15%
Hashibira FamilyDeceasedKotoha Hashibira
15%
Brother Kidnapped in Tsuzumi MansionAliveTeruko
14%
Swordsmith VillageAliveKozo Kanamori
13%
Brother Kidnapped in Tsuzumi MansionAliveShoichi
13%
Daughter of Martial Arts Dojo OwnerDeceasedKoyuki
12%
Kamado Family/AncestryDeceasedSumiyoshi
12%
Kidnapped in Tsuzumi MansionAliveKiyoshi
11%
Boyfriend of Demon VictimAliveKazumi
9%
Swordsmith VillageAliveTecchin Tecchikawahara
8%
Martial Arts Dojo OwnerDeceasedKeizo
7%
Demon VictimAliveSatoko
6%
Kamado Family/AncestryDeceasedSumire
6%
Kamado Family/AncestryDeceasedSuyako
5%
Former SlayerDeceasedMasachika Kumeno
4%

Score Distribution

Percentile by Number Answered

Percent of People with Each Score

Your Score History

You have not taken this quiz